A Governança da China III (Record no. 2183)
[ view plain ]
| 000 -Etiqueta do registo | |
|---|---|
| Campo de controlo de comprimento fixo | 00327 a2200145 4500 |
| 020 ## - ISBN (NÚMERO DE LIVRO PADRÃO INTERNACIONAL) | |
| ISBN | 978-7-119-12489-6 |
| 040 ## - Fonte de Catalogação | |
| Agência de catalogação | Biblioteca Geral- Universidade Lusíada de Angola |
| 082 ## - DEWEY DECIMAL CLASSIFICATION NUMBER | |
| Classificador- CDU | 327 |
| 100 ## - Nome Pessoal | |
| 9 (RLIN) | 1011 |
| Autor | XI,Jinping |
| 245 ## - Declaração de Título | |
| Título | A Governanȧ da China III |
| 260 ## - Publicação e Destribuíção | |
| Local de edição/distribuição | China, |
| Editor/distribuidor | Linguas Estrangeiras |
| Data de edição/distribuição | 2021. |
| 300 ## - Descrição Física | |
| Nº Pág. | 725p |
| 650 ## - MATERIA | |
| MATERIA | Politica |
| 942 ## - - Elementos de entrada adicionados (koha) | |
| Tipo de documento | Livros |
| Withdrawn status | Lost status | Source of classification or shelving scheme | Damaged status | Not for loan | Permanent Location | Current Location | Date acquired | Inventory number | Total Checkouts | Full call number | Barcode | Date last seen | Price effective from | Koha item type |
|---|---|---|---|---|---|---|---|---|---|---|---|---|---|---|
| Dewey Decimal Classification | Biblioteca Geral- Universidade Lusíada de Angola | Biblioteca Geral- Universidade Lusíada de Angola | 31/03/2026 | 9(4) | 327 | 2026-0098 | 31/03/2026 | 31/03/2026 | Livros | |||||
| Dewey Decimal Classification | Biblioteca Geral- Universidade Lusíada de Angola | Biblioteca Geral- Universidade Lusíada de Angola | 31/03/2026 | 9(4) | 327 | 2026-0099 | 31/03/2026 | 31/03/2026 | Livros | |||||
| Dewey Decimal Classification | Biblioteca Geral- Universidade Lusíada de Angola | Biblioteca Geral- Universidade Lusíada de Angola | 31/03/2026 | 9(4) | 327 | 2026-0100 | 31/03/2026 | 31/03/2026 | Livros | |||||
| Dewey Decimal Classification | Biblioteca Geral- Universidade Lusíada de Angola | Biblioteca Geral- Universidade Lusíada de Angola | 31/03/2026 | 9(4) | 327 | 2026-0101 | 31/03/2026 | 31/03/2026 | Livros |
